000 00694nab a2200193 4500
001 244442
003 OSt
005 20250205091804.0
007 tu
008 200917s2020|||||||
040 _aDE-2950
_cDE-2950
245 0 0 _aEin deutliches Signal aus Warschau
_bGrenzfluss. Das Gerichtsurteil in Polen ist ein später Sieg der Brandenburger Grünen und ihres Umweltministers. Aus der Bundes-FDP kommen nun überraschend kritische Töne zum Ausbau der Oder/
_cNancy Waldmann
264 _c2024
653 _aFrankfurt (Oder)
653 _aOderausbau
653 _aGerichtsurteil
773 0 _g36. Jahrgang (2025) Nr. 28 vom 03.02.2025, S. 7, mit Foto
_tMärkische Oderzeitung
942 _2z
_cA
999 _c373601
_d373601